Тесты по русскому языку (Запись № 1479318)

Подробности
000 -МАРКЕР
контрольное поле 01855nam0a2200385 4500
001 - ИДЕНТИФИКАТОР ЗАПИСИ
контрольное поле RU\NLR\bibl\1164579
005 - ИДЕНТИФИКАТОР ВЕРСИИ
контрольное поле 20250615083653.0
010 ## - МЕЖДУНАРОДНЫЙ СТАНДАРТНЫЙ НОМЕР КНИГИ (ISBN)
Номер (ISBN) 978-5-17-046700-6
Уточнения АСТ
010 ## - МЕЖДУНАРОДНЫЙ СТАНДАРТНЫЙ НОМЕР КНИГИ (ISBN)
Номер (ISBN) 978-5-271-18192-4
Уточнения Астрель
Тираж 10000
021 ## - НОМЕР ГОСУДАРСТВЕННОЙ РЕГИСТРАЦИИ
Код страны российская федерация
Номер 2007-75283
Номер Листа государственной регистраци 4049
035 ## - ДРУГИЕ СИСТЕМНЫЕ НОМЕРА
Идентификатор записи (nilc)IZD\AST\2007\749075
035 ## - ДРУГИЕ СИСТЕМНЫЕ НОМЕРА
Идентификатор записи (NLR Aleph) 001151298
100 ## - ДАННЫЕ ОБЩЕЙ ОБРАБОТКИ
Данные общей обработки 20070924d2008 |||y0rusy50 ca
101 0# - ЯЗЫК РЕСУРСА
Язык текста, звукозаписи и т.д. русский
102 ## - СТРАНА ПУБЛИКАЦИИ ИЛИ ПРОИЗВОДСТВА
Страна публикации российская федерация
105 ## - ПОЛЕ КОДИРОВАННЫХ ДАННЫХ: ТЕКСТОВЫЕ МАТЕРИАЛЫ, МОНОГРАФИЧЕСКИЕ
Кодированные данные о монографическом текстовом документе y z |||||
106 ## - ПОЛЕ КОДИРОВАННЫХ ДАННЫХ: ТЕКСТОВЫЕ РЕСУРСЫ – ФОРМА
Форма ресурса: кодированные данные: обозначение носителя r
200 1# - ЗАГЛАВИЕ И СВЕДЕНИЯ ОБ ОТВЕТСТВЕННОСТИ
Основное заглавие Тесты по русскому языку
Сведения, относящиеся к заглавию 3 класс
-- к учебнику Л. М. Зелениной, Т. Е. Хохловой "Русский язык. В 2-х частях. 3 класс" (М.: Просвещение)
Первые сведения об ответственности О. В. Узорова, Е. А. Нефедова
210 ## - ПУБЛИКАЦИЯ, РАСПРОСТРАНЕНИЕ И ДР.
Место издания, распространения и т.д. Москва
Имя издателя, распространителя и т. д. АСТ
-- Астрель
Дата издания, распространения и т.д. 2008 (печ. 2007)
215 ## - ФИЗИЧЕСКАЯ ХАРАКТЕРИСТИКА
Специфическое обозначение материала и объем 94 с.
Размеры 20001151298
225 1# - СЕРИЯ
Основное заглавие серии Мастерская учителя начальных классов
606 1# - НАИМЕНОВАНИЕ ТЕМЫ КАК ПРЕДМЕТ
Наименование темы Русский язык
Тематический подзаголовок Знания
-- Оценка
-- Тесты
-- Начальная школа
Системный номер авторитетной/нормативной записи 2112250
Идентификатор авторитетной/нормативной записи RU\NLR\AUTH\661276451
686 ## - ИНДЕКСЫ ДРУГИХ КЛАССИФИКАЦИЙ
Индекс 81.2Ря724
Издание Таблицы ББК для детских и школьных библиотек
Код системы
686 ## - ИНДЕКСЫ ДРУГИХ КЛАССИФИКАЦИЙ
Индекс 04301
-- Методика преподавания русского языка. 1-4 кл.
Код системы
686 1# - ИНДЕКСЫ ДРУГИХ КЛАССИФИКАЦИЙ
Индекс Ч426.131(2Р)-28,01
700 #1 - ИМЯ ЛИЦА - ПЕРВИЧНАЯ ОТВЕТСТВЕННОСТЬ
Графика поля Кириллица
Материалы, к которым относится поле rus
Начальный элемент ввода Узорова
Часть имени, кроме начального элемента ввода О. В.
Даты 1970-
Расширение инициалов личного имени Ольга Васильевна
Системный номер авторитетной/нормативной записи 270342
Идентификатор авторитетной/нормативной записи RU\NLR\AUTH\770270398
701 #1 - ИМЯ ЛИЦА - АЛЬТЕРНАТИВНАЯ ОТВЕТСТВЕННОСТЬ
Начальный элемент ввода Нефёдова
Часть имени, кроме начального элемента ввода Е. А.
Дополнения к именам, кроме дат д-р филол. наук
Расширение инициалов личного имени Елена Алексеевна
Системный номер авторитетной/нормативной записи 153176
Идентификатор авторитетной/нормативной записи RU\NLR\AUTH\770153214
801 #0 - ИСТОЧНИК ЗАПИСИ
Страна российская федерация
Организация ЛИБНЕТ
Дата составления 20070924
801 #1 - ИСТОЧНИК ЗАПИСИ
Страна российская федерация
Организация РГДБ
Дата составления 20071128
801 #2 - ИСТОЧНИК ЗАПИСИ
Страна российская федерация
Организация NLR
Дата составления 20071207
Правила каталогизации rcr
830 ## - ОБЩЕЕ ПРИМЕЧАНИЕ, СОСТАВЛЕННОЕ КАТАЛОГИЗАТОРОМ
Текст примечания CODE_OF_LIBNET\000012486
942 ## - ДОПОЛНИТЕЛЬНЫЕ ЭЛЕМЕНТЫ ЗАПИСИ (АБИС)
Тип экземпляра АБИС Книга
980 ## - КОЛЛЕКЦИЯ
Название коллекции Национальная библиография
Экземпляры
Тип экземпляра Дата поступления Источник поступления Библиотека постоянного хранения Библиотека текущего хранения Место хранения Штрих-код Статус не для выдачи
Книга 07.12.2007 Обязательный экземпляр РНБ (Московский) РНБ (Московский) Фонд изданий групповой обработки 2565834  
Книга 07.12.2007 Обязательный экземпляр РНБ (Московский) РНБ (Московский) Обменный фонд 2565835